000
00295nam a22001217a 4500
008
160519b xxu||||| |||| 00| 0 eng d
020
_a
9781551111797
020
_a
1551111799
041
_a
eng
080
_a
159.9
245
_a
Readings in the philosophy of law:
_c
Keith Culver;
942
_2
udc
_c
BK
999
_c
2237
_d
2237